Prueba de variedades de alfalfa (Medicago sativa L.), a la pudrición de raiz provocada por Rhizoctonia solani Kühn en condiciones de invernadero; Chapingo, México / (Record no. 199908)
[ view plain ]
| 000 -CABECERA | |
|---|---|
| campo de control de longitud fija | 01058nam a2200289Ia 4500 |
| 001 - NÚMERO DE CONTROL | |
| campo de control | Para_1182 |
| 003 - IDENTIFICADOR DEL NÚMERO DE CONTROL | |
| campo de control | CHAP |
| 008 - DATOS DE LONGITUD FIJA--INFORMACIÓN GENERAL | |
| campo de control de longitud fija | 220125s1987 xx 000 0 und d |
| 010 ## - NÚMERO DE CONTROL DE LA BIBLIOTECA DEL CONGRESO | |
| Número de control de LC | 199908 |
| 040 ## - FUENTE DE LA CATALOGACIÓN | |
| Centro/agencia transcriptor | CHAP |
| 090 ## - LOCALMENTE ASIGNADO TIPO-LC NÚMERO DE CLASIFICACIÓN (OCLC); NÚMERO DE CLASIFICACIÓN LOCAL (RLIN) | |
| Número de clasificación (OCLC) (R) ; Numero de clasificación, CALL (RLIN) (NR) | PA TESIS 1148 |
| 100 ## - ENTRADA PRINCIPAL--NOMBRE DE PERSONA | |
| Nombre de persona | Sandoval Martínez, Ma. Irene Emma |
| 9 (RLIN) | 102147 |
| 245 ## - MENCIÓN DE TÍTULO | |
| Título | Prueba de variedades de alfalfa (Medicago sativa L.), a la pudrición de raiz provocada por Rhizoctonia solani Kühn en condiciones de invernadero; Chapingo, México / |
| Mención de responsabilidad, etc. | por Ma Irene Emma Sandoval Martínez |
| 260 ## - PUBLICACIÓN, DISTRIBUCIÓN, ETC. | |
| Lugar de publicación, distribución, etc. | Chapingo, Méx. : |
| Nombre del editor, distribuidor, etc. | El autor |
| 300 ## - DESCRIPCIÓN FÍSICA | |
| Extensión | 52 h. |
| 502 ## - NOTA DE TESIS | |
| Nota de tesis | Tesis (Ing. Agr. Esp. en Parasitología Agrícola), UACh. Depto. Parasitología |
| 650 ## - PUNTO DE ACCESO ADICIONAL DE MATERIA--TÉRMINO DE MATERIA | |
| Término de materia o nombre geográfico como elemento de entrada | Alfalfa |
| Subdivisión general | variedades resistentes a enfermedades |
| 9 (RLIN) | 3894 |
| 650 ## - PUNTO DE ACCESO ADICIONAL DE MATERIA--TÉRMINO DE MATERIA | |
| Término de materia o nombre geográfico como elemento de entrada | Rhizoctonia solani |
| 9 (RLIN) | 97134 |
| 710 ## - PUNTO DE ACCESO ADICIONAL--NOMBRE DE ENTIDAD CORPORATIVA | |
| Nombre de entidad corporativa o nombre de jurisdicción como elemento de entrada | UACh. Departamento Parasitología Agrícola |
| 9 (RLIN) | 164025 |
| 901 ## - ELEMENTOS DE DATOS A LOCAL LDA (RLIN) | |
| a | PA TESIS 1148 |
| 902 ## - ELEMENTOS DE DATOS B LOCAL, LDB (RLIN) | |
| a | A |
| 905 ## - ELEMENTOS DE DATOS E LOCAL, LDE (RLIN) | |
| a | 0000001987 0000000000 00 |
| 910 ## - DATOS DE OPCIÓN DEL USUARIO (OCLC) | |
| Datos de opción del usuario | 1987 |
| 942 ## - ELEMENTOS DE PUNTO DE ACCESO ADICIONAL (KOHA) | |
| Tipo de ítem Koha | Parasitologia_ |
| 942 ## - ELEMENTOS DE PUNTO DE ACCESO ADICIONAL (KOHA) | |
| Tipo de ítem Koha | Parasitologia_ |
| -- | 1 |
| Estado de retiro | Estado de pérdida | Fuente del sistema de clasificación o colocación | Estado dañado | Restricciones de uso | No para préstamo | Código de colección | Localización permanente | Ubicación/localización actual | Ubicación en estantería | Fecha de adquisición | Información codificada de la localización en otra ubicación | Número de inventario | Total de préstamos | Signatura topográfica completa | Código de barras | Fecha visto por última vez | Número de copia | Precio válido a partir de | Tipo de ítem Koha | Nota pública |
|---|---|---|---|---|---|---|---|---|---|---|---|---|---|---|---|---|---|---|---|---|
| Clasificación Universidad Autónoma de Chapingo | Préstamo interno | Tesis | Parasitologia Agricola | Parasitologia Agricola | 27/10/2005 | PARA | (PA_6339-2) (No. UACh CONSUMO) | PA TESIS 1148 | 4101001729 | 25/01/2022 | Ej.2 | 25/01/2022 | Tesis | 3 | ||||||
| Clasificación Universidad Autónoma de Chapingo | Préstamo interno | Tesis | Parasitologia Agricola | Parasitologia Agricola | 27/10/2005 | PARA | (PA_6339) (No. UACh CONSUMO) | PA TESIS 1148 | 4101001728 | 25/01/2022 | Ej.1 | 25/01/2022 | Tesis | 3 |
